Pedagógus szerep, mentori szerep, mentorálás a gyakorlatban

Elmentve itt :
Bibliográfiai részletek
Szerző: Bátor Miklósné
További közreműködők: Fáyné dr. Dombi Alice (Témavezető)
Dokumentumtípus: Szakdolgozat
Megjelent: 2016
Tárgyszavak:
Online Access:http://diploma.bibl.u-szeged.hu/68520
LEADER 00698nta a2200169 i 4500
001 dipl68520
005 20180301100457.0
008 170526s2016 hu om 0|| zxx d
040 |a SZTE Diploma Repozitórium  |b hun 
041 |a zxx 
100 1 |a Bátor Miklósné 
245 1 0 |a Pedagógus szerep, mentori szerep, mentorálás a gyakorlatban  |h [elektronikus dokumentum] /  |c Miklósné Bátor 
246 1 0 |a Pedagogue's Role, Mentor Role, Mentoring In Practice  |h [elektronikus dokumentum] 
260 |c 2016 
650 4 |a Pedagógusképzés 
700 2 |a Fáyné dr. Dombi Alice  |e ths 
856 4 0 |u http://diploma.bibl.u-szeged.hu/id/eprint/68520/1/2016_B%C3%A1tor_Mikl%C3%B3sn%C3%A9_BAMWADF_SZE_SZ.pdf  |z Dokumentum-elérés